000 00308nam a22001217a 4500
008 180105b xxu||||| |||| 00| 0 eng d
041 _aeng
080 _a94
100 _a16
101 _aHIS
245 _aA HISTORY OF THE ENGLISH SPEAKING PEOPLES THE NEW WORLD
_cCHURCHILL.W..S
942 _2udc
_cBK
999 _c39800
_d39800